000 00324nam a22001337a 4500
008 180924b xxu||||| |||| 00| 0 eng d
020 _a9780805836820
041 _aeng
080 _a159.9
100 _a49
101 _aPSI
245 _aEducational Psychology A century Of Contributions
_cBarry.J.Z
942 _2udc
_cBK
999 _c48358
_d48358